LEADER 01306nas 2200433- 450 001 9910164659903321 005 20180515082941.7 011 $a2379-1365 035 $a(OCoLC)772466889 035 $a(CKB)2560000000079766 035 $a(CONSER)--2012200018 035 $a(EXLCZ)992560000000079766 100 $a20120111a20129999 --- a 101 0 $aeng 181 $ctxt$2rdacontent 182 $cc$2rdamedia 183 $acr$2rdacarrier 200 00$aMaterials performance and characterization 210 1$a[West Conshohocken, PA] :$c[ASTM International],$d2012- 300 $aRefereed/Peer-reviewed 311 $a2165-3992 517 1 $aASTM materials performance and characterization 517 1 $aMPC 531 0 $aMater. perform. charact. 606 $aMaterials$vPeriodicals 606 $aMaterials science$vPeriodicals 606 $aMaterials$2fast$3(OCoLC)fst01011772 606 $aMaterials science$2fast$3(OCoLC)fst01011957 608 $aPeriodicals.$2fast 615 0$aMaterials 615 0$aMaterials science 615 7$aMaterials. 615 7$aMaterials science. 676 $a620.11 712 02$aASTM International. 906 $aJOURNAL 912 $a9910164659903321 996 $aMaterials performance and characterization$92171128 997 $aUNINA